| 000 | 01354nam a22002655i 4500 | ||
|---|---|---|---|
| 001 | 154033 | ||
| 003 | ES-MaACL | ||
| 005 | 20250724063416.0 | ||
| 008 | 940202s1773 sp |||| | spa d | ||
| 040 |
_aCARM _bspa |
||
| 100 | 1 |
_aFeijoo, Benito Jerónimo, _d1676-1764 _949105 |
|
| 245 | 1 | 0 |
_aTeatro critico uniuersal, ó Discursos varios en todo género de materias, para desengaño de errores comunes / _cescrito por ... Fr. Benito Gerónymo Feyjoó y Montenegro ... del Orden de San Benito ... ; tomo primero. |
| 250 | _aNueua impresion, en la qual van puestas las adiciones del Suplemento en sus lugares. | ||
| 260 |
_aMadrid : _bpor D. Joachin Ibarra. : _bcosta de la Real Compañia de Impresores, y Libreros, _c1773. |
||
| 300 |
_aLXXXIV, 414 p., [2] en bl., [1] h. de grab. ; _c21 cm. |
||
| 500 | _aPalau, V, 91056. | ||
| 500 | _aAguilar, III, 1883. | ||
| 596 | _aMarca tip. del ed. en port. | ||
| 597 | _aSign.: a-e8, f2, A-Z8, 2A-2C8. | ||
| 597 | _aTexto del índice a dos col. | ||
| 599 | _aLa h. de grab. xil.: "Joachin Ballester la gravó, año 1765", retrato del autor. | ||
| 710 | 2 |
_aReal Compañía de Impresores y Libreros del Reino. _9134788 |
|
| 852 |
_x _aBA _jR-847-61 _z-- Enc. piel no original de la época _z-- Ex-libris ms. de Manuel Fernández _x Olim: G.1530-44 |
||
| 999 |
_c154033 _d154033 |
||